Nenásytná húsenička

Bibliographic Details
Other Authors: Carle, Eric (Illustrator), Korpič, Gertrud (Translator)
Format: Book
Language:Slovak
English
PhysicalDescription:[24] s. fareb. ilustr. 13 x 18 cm
Published: Šamorín Zelený Kocúr 2012
ISBN:9788097092221
Edition:1. vyd.
Subjects:

MARC

LEADER 00000cam a2200000 a 4500
001 vtls010490062
003 SK-MaSNL
005 20260331205850.0
008 200104s2012 xo a ar 000 j slo
015 |a SNBA2013/05 
020 |a 9788097092221  |q (viaz.) 
035 |a urn:nbn:sk:snk-am00czci 
035 |a urn:nbn:sk:snk-am3hgcd 
035 |a 42F02C72-ADF1-4414-B811-588C05665CD1 
040 |a SNK  |b slo  |c SNK  |e AACR2 
041 1 |a slo  |h eng 
044 |a xo  |c SK 
072 7 |a 821-93  |x Literatúra pre deti a mládež (beletria)  |2 konspekt 
080 |a 821-93  |2 2001 
080 |a (0.025.2)  |2 2001 
100 1 |a Carle, Eric  |4 ill  |9 356117 
240 1 4 |a The Very Hungry Caterpillar  |l Slovensky 
245 1 0 |a Nenásytná húsenička  |c [autor a ilustrátor] Eric Carle ; [preložila Gertrud Korpič] 
250 |a 1. vyd. 
260 |a Šamorín  |b Zelený Kocúr  |c 2012 
300 |a [24] s.  |b fareb. ilustr.  |c 13 x 18 cm 
500 |a Kartónové listy 
500 |a Listy vnútri publikácie majú rôzny formát a niektoré sú perforované 
655 7 |a publikácie pre deti  |2 SNKPH  |9 70148 
655 7 |a leporelá  |2 SNKPH  |9 60414 
655 7 |a Children's literature  |2 SNKPHeng  |9 276039 
655 7 |a Picture books for children  |2 SNKPHeng  |9 277438 
700 1 |a Korpič, Gertrud  |4 trl  |9 602700 
919 |a 978-80-970922-2-1 
958 |a DB 
958 |a LX 
958 |a UP 
968 |b ENG 
999 |c 945721  |d 947651 
952 |a SNK  |b SNK  |y PREZ  |7 0  |p 17A1068138  |o snkSE 12618  |i snk2013/9173  |8 0  |0 0  |1 0  |4 0  |d 2013-04-22  |f 1  |l 0  |r 2026-02-24 09:32:27  |w 2026-02-24 
952 |a SNK  |b SNK  |y PREZ  |7 0  |p 17A1068139  |o snkSE 12618 D1  |i snk2013/9174  |8 0  |0 0  |1 0  |4 0  |d 2013-04-22  |l 0  |r 2026-02-24 09:32:27  |w 2026-02-24